01364nam a2200361Ia 4500001001200000003000800012006001900020007001500039008004100054010001700095015001900112020001500131020002800146040002100174035002000195050002800215082001900243100001700262245008700279260004300366300002300409490004600432504005100478533015200529650003500681650003400716655002900750700001600779710001700795830004700812856012600859999001700985ebr10082030CaPaEBRm u cr cn|||||||||041018s2005 maua sb 001 0 eng d z 2004046247 aGBA4756472bnb z1580538134 z1580538126 (alk. paper) aCaPaEBRcCaPaEBR a(OCoLC)7072561114aTK5103.452b.K55 2005eb04a621.3845/62221 aKim, Kiseon.10aCDMA systems capacity engineeringh[electronic resource] /cKiseon Kim, Insoo Koo. aBoston, Mass. :bArtech House,cc2005. axi, 201 p. :bill.1 aArtech House mobile communications series aIncludes bibliographical references and index. aElectronic reproduction.bPalo Alto, Calif. :cebrary,d2009.nAvailable via World Wide Web.nAccess may be limited to ebrary affiliated libraries. 0aCode division multiple access. 0aCapacity theory (Mathematics) 7aElectronic books.2local1 aKoo, Insoo.2 aebrary, Inc. 0aArtech House mobile communications series.40uhttp://site.ebrary.com/lib/rucke/Doc?id=10082030zAn electronic book accessible through the World Wide Web; click to view c55187d55187